[Event "SR 4. liga A21 2018/2019"]
[Site "?"]
[Date "2018.12.16"]
[Round "5.6"]
[White "Harasta, Marian"]
[Black "Valla, Tomas"]
[Result "0-1"]
[WhiteElo "1658"]
[BlackElo "1858"]
[PlyCount "138"]
[EventDate "2018.??.??"]
[WhiteTeam "Å K Skalica C"]
[BlackTeam "Å K Nafta Gbely C"]

1. d4 Nf6 2. c4 c5 3. d5 e6 4. Nc3 exd5 5. cxd5 d6 6. e4 g6 7. Bb5+ Nfd7 8. Nf3
Bg7 9. Bg5 Qc7 10. O-O O-O 11. Ba4 a6 12. Rb1 b5 13. Bc2 Re8 14. Ne2 Nf6 15.
Ng3 Bg4 16. h3 Bxf3 17. Qxf3 Nbd7 18. a4 b4 19. b3 a5 20. Bd3 Ne5 21. Qe2 Nxd3
22. Qxd3 Nd7 23. Bf4 Rac8 24. Rbc1 Ne5 25. Qe2 Qd7 26. Qa6 Ra8 27. Qe2 Rec8 28.
Kh1 Qe7 29. Bxe5 Bxe5 30. f4 Bc3 31. f5 Qg5 32. fxg6 hxg6 33. Qf3 Ra7 34. Ne2
Be5 35. Rc4 Rf8 36. g4 Kg7 37. Nf4 Rh8 38. Kg2 Re7 39. Nd3 Bd4 40. Nf4 Qe5 41.
Re1 Qf6 42. Rf1 Rhe8 43. Re1 Qg5 44. Rc2 Bc3 45. Ree2 Qe5 46. h4 Rh8 47. h5 g5
48. Nh3 Rhe8 49. Nf2 Qd4 50. Qf5 Qe5 51. Qf3 Rc7 52. Nh3 c4 53. bxc4 Rxc4 54.
Rf2 f6 55. Rce2 b3 56. Qd3 Qd4 57. Qf3 Qe5 58. Kf1 Rxa4 59. Nxg5 Ra1+ 60. Kg2
b2 61. h6+ Kg6 62. Rxb2 Bxb2 63. Ne6 Ra3 64. Qf5+ Kxh6 65. g5+ fxg5 66. Qxg5+
Qxg5+ 67. Nxg5 Kxg5 68. Rxb2 Rxe4 69. Rb6 Rb4 0-1

[Event "SR 4. liga A21 2018/2019"]
[Site "?"]
[Date "2018.12.16"]
[Round "5.6"]
[White "Kanka, Tomas"]
[Black "Londin, Lukas Vojtech"]
[Result "0-1"]
[WhiteElo "1730"]
[BlackElo "1343"]
[PlyCount "56"]
[EventDate "2018.??.??"]
[WhiteTeam "Å K Nafta Gbely C"]
[BlackTeam "Å K Skalica C"]

1. c4 e5 2. g3 Nc6 3. Bg2 f5 4. e4 d6 5. Nc3 Nf6 6. d3 Be6 7. exf5 Bxf5 8. Nge2
Qd7 9. a3 Be7 10. O-O O-O 11. Bg5 Bh3 12. Bxf6 Bxg2 13. Kxg2 Rxf6 14. h3 Raf8
15. Nd5 Rh6 16. g4 Bh4 17. Ng3 Nd4 18. f3 c6 19. Ne3 Bxg3 20. Kxg3 Qe7 21. Ng2
Ne6 22. Qd2 Nf4 23. Rh1 Qg5 24. Rad1 Qf6 25. Qe3 g5 26. b4 b6 27. d4 exd4 28.
Rxd4 Qxd4 0-1

[Event "SR 4. liga A21 2018/2019"]
[Site "?"]
[Date "2018.12.16"]
[Round "5.6"]
[White "Dubanova, Kristina"]
[Black "Mraz, Jan"]
[Result "0-1"]
[WhiteElo "1089"]
[BlackElo "1682"]
[PlyCount "82"]
[EventDate "2018.??.??"]
[WhiteTeam "Å K Skalica C"]
[BlackTeam "Å K Nafta Gbely C"]

1. e4 b6 2. Nf3 Bb7 3. Nc3 g6 4. Bc4 e6 5. d3 Bg7 6. O-O Ne7 7. Be3 h6 8. Re1
d6 9. d4 Nd7 10. a3 Nf6 11. Qd3 g5 12. b4 Ng6 13. Bb3 g4 14. Nd2 h5 15. Bg5 Qd7
16. f4 h4 17. Rf1 a5 18. Qe2 Qc6 19. Ba4 Qxa4 20. Nxa4 Ba6 21. c4 g3 22. hxg3
hxg3 23. Qf3 Nh5 24. e5 Kd7 25. Nc3 f6 26. exf6 Nxf6 27. Qxg3 Nh5 28. Qe3 Raf8
29. Rae1 Re8 30. Rf2 d5 31. b5 Bb7 32. c5 bxc5 33. dxc5 c6 34. Rc1 d4 35. Qe4
dxc3 36. Qd3+ Kc7 37. Nc4 Ref8 38. Nd6 Kb8 39. Qxg6 Ng3 40. Rfc2 Bd4+ 41. Rf2
Rh1# 0-1

[Event "SR 4. liga A21 2018/2019"]
[Site "?"]
[Date "2018.12.16"]
[Round "5.6"]
[White "Hyza, Richard"]
[Black "Paksi, Alexander"]
[Result "1/2-1/2"]
[WhiteElo "1292"]
[BlackElo "1000"]
[PlyCount "98"]
[EventDate "2018.??.??"]
[WhiteTeam "Å K Nafta Gbely C"]
[BlackTeam "Å K Skalica C"]

1. e4 e5 2. Nf3 Nc6 3. Bc4 Bc5 4. d3 Nf6 5. Nc3 O-O 6. Bg5 d6 7. Qd2 Bg4 8. Nd5
Nd4 9. O-O-O Bxf3 10. gxf3 Nxf3 11. Qe2 Nxg5 12. Ne3 Bxe3+ 13. fxe3 Nd7 14.
Rhg1 Nb6 15. Bb3 c6 16. Qg4 Qe7 17. Qxg5 Qxg5 18. Rxg5 g6 19. Rdg1 Kh8 20. h4
Rae8 21. h5 d5 22. exd5 Nxd5 23. Bxd5 cxd5 24. d4 exd4 25. exd4 gxh5 26. Rxh5
Rg8 27. Rxg8+ Rxg8 28. Rxd5 Rg1+ 29. Kd2 Rg2+ 30. Kc3 Rg3+ 31. Kb4 h6 32. Rd7
h5 33. Rxf7 Rg6 34. c4 Rb6+ 35. Kc3 Rh6 36. Rf3 h4 37. Rh3 Kg7 38. d5 Kf7 39.
Kd4 Ke7 40. c5 Kd7 41. b4 a6 42. a4 Rh7 43. b5 a5 44. c6+ bxc6 45. dxc6+ Kc7
46. Kc5 Rh5+ 47. Kc4 Kb6 48. Kd4 Kc7 49. Kc4 Kb6 1/2-1/2

[Event "SR 4. liga A21 2018/2019"]
[Site "?"]
[Date "2019.01.06"]
[Round "6.1"]
[White "Nemeckay, Rastislav"]
[Black "Hrubsa, Marian"]
[Result "1-0"]
[WhiteElo "1936"]
[BlackElo "1923"]
[PlyCount "53"]
[EventDate "2018.??.??"]
[WhiteTeam "Å K Å tefanov"]
[BlackTeam "Å K Skalica C"]

1. e4 e6 2. Qe2 c5 3. Nf3 Nc6 4. g3 Nf6 5. Bg2 Be7 6. e5 Nd5 7. O-O d6 8. exd6
Bxd6 9. Rd1 O-O 10. d4 Qb6 11. c4 Nde7 12. dxc5 Bxc5 13. Nc3 Nf5 14. Na4 Qb4
15. Nxc5 Qxc5 16. b3 Re8 17. Bb2 h6 18. Ne5 Ncd4 19. Qe4 Rd8 20. g4 f6 21. Ng6
e5 22. gxf5 Bxf5 23. Bxd4 Bxe4 24. Bxc5 Bxg6 25. Bxb7 Rxd1+ 26. Rxd1 Rb8 27.
Bd5+ 1-0

[Event "SR 4. liga A21 2018/2019"]
[Site "?"]
[Date "2019.01.06"]
[Round "6.1"]
[White "Vepy, Ivan"]
[Black "Klimes, Karel"]
[Result "0-1"]
[WhiteElo "1868"]
[BlackElo "1690"]
[PlyCount "54"]
[EventDate "2018.??.??"]
[WhiteTeam "Å K Skalica C"]
[BlackTeam "Å K Å tefanov"]

1. b3 d5 2. Bb2 Nf6 3. Nf3 e6 4. e3 c5 5. Be2 Be7 6. O-O O-O 7. d4 cxd4 8. Nxd4
Nc6 9. Nxc6 bxc6 10. Nd2 a5 11. a4 Ba6 12. Nf3 Qc7 13. Rc1 Rfd8 14. Bxa6 Rxa6
15. Qe2 Qb7 16. Nd4 Raa8 17. Rfd1 Ne4 18. f3 Nc5 19. Ba3 Rdc8 20. Rb1 Na6 21.
Bc1 Qd7 22. Bd2 e5 23. Nxc6 Qxc6 24. Bxa5 Bb4 25. Bxb4 Nxb4 26. Rdc1 Na2 27.
Rd1 Nc3 0-1

[Event "SR 4. liga A21 2018/2019"]
[Site "?"]
[Date "2019.01.06"]
[Round "6.1"]
[White "Wallner, Juraj"]
[Black "Harasta, Marian"]
[Result "1/2-1/2"]
[WhiteElo "1589"]
[BlackElo "1653"]
[PlyCount "56"]
[EventDate "2018.??.??"]
[WhiteTeam "Å K Å tefanov"]
[BlackTeam "Å K Skalica C"]

1. e4 c5 2. Nf3 Nc6 3. d4 cxd4 4. Nxd4 e5 5. Nxc6 dxc6 6. Qxd8+ Kxd8 7. Bc4 f6
8. O-O Bg4 9. f3 Bh5 10. Rd1+ Kc7 11. Be3 a6 12. a4 Ne7 13. a5 Nc8 14. Be6 Be8
15. Nc3 Bb4 16. Rd3 b5 17. Ne2 g5 18. c3 Be7 19. Rad1 c5 20. Rd5 Bc6 21. R5d2
h5 22. Ng3 h4 23. Nf5 Bf8 24. Rd8 Rb8 25. R1d7+ Bxd7 26. Rxd7+ Kc6 27. Rd8 Kc7
28. Rd7+ Kc6 1/2-1/2

[Event "SR 4. liga A21 2018/2019"]
[Site "?"]
[Date "2019.01.06"]
[Round "6.1"]
[White "Bartos, Bohumil"]
[Black "Tomasovic, Roman"]
[Result "0-1"]
[WhiteElo "1543"]
[BlackElo "1548"]
[PlyCount "82"]
[EventDate "2018.??.??"]
[WhiteTeam "Å K Skalica C"]
[BlackTeam "Å K Å tefanov"]

1. d4 d5 2. Bf4 e6 3. e3 Bd6 4. Bg3 Nf6 5. c3 Nc6 6. Bd3 Bxg3 7. hxg3 Qe7 8.
Nf3 h6 9. Nbd2 a6 10. Ne5 Nxe5 11. dxe5 Nd7 12. f4 Nb6 13. Nf3 Bd7 14. g4 O-O-O
15. Qc2 Ba4 16. b3 Bd7 17. a4 c5 18. a5 Na8 19. Kf2 Bc6 20. Qe2 Nc7 21. Rhb1 h5
22. g5 f6 23. Nh4 Be8 24. exf6 gxf6 25. Nf3 fxg5 26. Nxg5 e5 27. Bf5+ Bd7 28.
Bxd7+ Rxd7 29. Qf3 Rf8 30. Re1 Qe8 31. g3 Qg6 32. Nh3 Qc2+ 33. Qe2 Qf5 34. Rh1
Nb5 35. Rac1 Nd6 36. Ng5 Qxg5 37. Rxh5 Ne4+ 38. Ke1 Qxg3+ 39. Kd1 exf4 40. exf4
Nxc3+ 41. Rxc3 Qxc3 0-1

[Event "SR 4. liga A21 2018/2019"]
[Site "?"]
[Date "2019.01.06"]
[Round "6.1"]
[White "Fajtakova, Silvia"]
[Black "Roman, Milan"]
[Result "0-1"]
[WhiteElo "1400"]
[BlackElo "1000"]
[PlyCount "108"]
[EventDate "2018.??.??"]
[WhiteTeam "Å K Å tefanov"]
[BlackTeam "Å K Skalica C"]

1. e4 e6 2. d4 d5 3. e5 c5 4. c3 Nc6 5. Nf3 cxd4 6. cxd4 Nge7 7. Bd3 Qb6 8. Bc2
Nb4 9. Ba4+ Nbc6 10. O-O Nf5 11. Nc3 Bd7 12. Ne2 Be7 13. Bc2 O-O 14. Bxf5 exf5
15. Ng3 f6 16. Re1 fxe5 17. Nxe5 Nxe5 18. Rxe5 Be6 19. Qe1 Kf7 20. Nh5 Rae8 21.
Rxe6 Qxe6 22. Qxe6+ Kxe6 23. Nxg7+ Kd7 24. Nxe8 Rxe8 25. Be3 Rc8 26. Rc1 Rxc1+
27. Bxc1 Kc6 28. Kf1 Kb5 29. Ke2 Kc4 30. Be3 Bf6 31. f3 a6 32. g4 fxg4 33. fxg4
Bxd4 34. Bxd4 Kxd4 35. h4 Ke4 36. b4 Kf4 37. Kd3 Kxg4 38. Kd4 Kxh4 39. Kxd5 Kg3
40. Kd6 h5 41. Kc7 b5 42. Kb6 h4 43. Kxa6 h3 44. Kxb5 h2 45. a4 h1=Q 46. a5
Qb7+ 47. Ka4 Qc6+ 48. Ka3 Qb5 49. Kb3 Kf4 50. Ka3 Ke4 51. Kb3 Kd4 52. Ka3 Kc4
53. Ka2 Qxb4 54. a6 Qa5+ 0-1

[Event "SR 4. liga A21 2018/2019"]
[Site "?"]
[Date "2019.01.06"]
[Round "6.2"]
[White "Podjavorinsky, Michal"]
[Black "Brunovsky, Peter"]
[Result "0-1"]
[WhiteElo "1895"]
[BlackElo "1863"]
[PlyCount "104"]
[EventDate "2018.??.??"]
[WhiteTeam "ZÅ K VrbovÃ© A"]
[BlackTeam "Å K Nafta Gbely C"]

1. e4 d5 2. exd5 Qxd5 3. Nc3 Qa5 4. Bc4 Nf6 5. d4 Bf5 6. Nge2 e6 7. Ng3 Bg6 8.
Qe2 c6 9. h4 h5 10. Bd2 Nbd7 11. O-O-O O-O-O 12. Kb1 Qc7 13. Bg5 Re8 14. Nge4
Be7 15. g3 Nxe4 16. Nxe4 Bxe4 17. Qxe4 Bxg5 18. hxg5 g6 $11 19. Rhe1 Nb6 20.
Bb3 Kb8 21. c4 a6 22. Re3 Ka7 23. Rde1 Rd8 24. d5 cxd5 25. cxd5 Nxd5 26. Bxd5
Rxd5 27. Rc3 Qb6 28. Qf4 Rf5 29. Qe4 Rd8 30. Rb3 Rb5 31. Rxb5 Qxb5 32. Qe3+ Qb6
33. Kc2 Rd5 34. Qxb6+ Kxb6 35. f4 Kc5 36. Kc3 b5 37. b4+ Kd6 38. Rf1 Kd7 39. a3
Ke7 40. Rf3 e5 41. Re3 Ke6 42. a4 Kf5 43. fxe5 Rxe5 44. Rf3+ Kg4 45. Rxf7 Kxg3
46. Rf6 Rxg5 47. Rxa6 bxa4 48. Rxa4 h4 49. Kc4 h3 50. Ra3+ Kh4 51. Ra1 h2 52.
Rh1 Kh3 0-1

[Event "SR 4. liga A21 2018/2019"]
[Site "?"]
[Date "2019.01.06"]
[Round "6.2"]
[White "Kubis, Ivan"]
[Black "Kincel, Jan"]
[Result "1-0"]
[WhiteElo "1871"]
[BlackElo "1927"]
[PlyCount "67"]
[EventDate "2018.??.??"]
[WhiteTeam "Å K Nafta Gbely C"]
[BlackTeam "ZÅ K VrbovÃ© A"]

1. e4 c5 2. Nf3 a6 3. c4 e6 4. d4 cxd4 5. Nxd4 Nf6 6. Nc3 Bb4 7. Bd3 Nc6 8.
Nxc6 dxc6 9. O-O e5 10. Qe2 O-O 11. Bg5 h6 12. Bh4 Be7 13. Rad1 Qc7 14. h3 Be6
15. Bg3 Rad8 16. f4 exf4 17. Bxf4 Qb6+ 18. Kh1 Nd7 19. e5 Nc5 20. Bb1 Rxd1 21.
Nxd1 Rd8 22. Qc2 g6 23. Qe2 Bf8 24. b3 Rd7 25. Nf2 Qd8 26. Kh2 Rd4 27. Be3 Rd7
28. Ng4 Bxg4 29. Qxg4 Ne6 30. Bxg6 Ng5 31. Bf5 Rc7 32. h4 Qe7 33. hxg5 Qxe5+
34. Bf4 1-0

[Event "SR 4. liga A21 2018/2019"]
[Site "?"]
[Date "2019.01.06"]
[Round "6.2"]
[White "Blatnicky, Miroslav"]
[Black "Kastler, Peter"]
[Result "1-0"]
[WhiteElo "2096"]
[BlackElo "1741"]
[PlyCount "111"]
[EventDate "2018.??.??"]
[WhiteTeam "ZÅ K VrbovÃ© A"]
[BlackTeam "Å K Nafta Gbely C"]

1. e4 e6 2. d4 d5 3. exd5 exd5 4. Bd3 Nf6 5. Nf3 Be7 6. c3 Bg4 7. Be3 c6 8.
Nbd2 Nbd7 9. Qc2 Qc7 10. h3 Bh5 11. Nh4 Nf8 12. Nf5 Ne6 13. g4 Bg6 14. O-O-O
O-O-O 15. Nf3 Bd6 16. Ne5 Bxe5 17. dxe5 Qxe5 18. Bxa7 Bxf5 19. Bxf5 g6 20. Bd4
Qf4+ 21. Qd2 Qxd2+ 22. Rxd2 Ne4 23. Bxe6+ fxe6 24. Bxh8 Nxd2 25. Kxd2 Rxh8 26.
f4 Rf8 27. Ke3 Kd7 28. h4 h5 29. gxh5 gxh5 30. Rg1 Ke7 31. a4 c5 32. b4 Kd6 33.
a5 d4+ 34. cxd4 cxd4+ 35. Ke4 Kc6 36. Rd1 Rg8 37. Rxd4 Rg4 38. Ke5 Rxh4 39.
Rd6+ Kc7 40. b5 Rh1 41. b6+ Kc8 42. Kxe6 h4 43. Rd5 h3 44. Rh5 Re1+ 45. Kf6 Re3
46. Rh8+ Kd7 47. a6 Re6+ 48. Kf5 h2 49. a7 Re8 50. Rxh2 Kc6 51. Rh6+ Kc5 52.
Re6 Rf8+ 53. Ke5 Rd8 54. f5 Rf8 55. f6 Rd8 56. f7 1-0

[Event "SR 4. liga A21 2018/2019"]
[Site "?"]
[Date "2019.01.06"]
[Round "6.2"]
[White "Mraz, Jan"]
[Black "Miciak, Emanuel"]
[Result "1-0"]
[WhiteElo "1678"]
[BlackElo "1877"]
[PlyCount "127"]
[EventDate "2018.??.??"]
[WhiteTeam "Å K Nafta Gbely C"]
[BlackTeam "ZÅ K VrbovÃ© A"]

1. d4 Nf6 2. e3 d5 3. Bd3 e6 4. Ne2 c5 5. c3 Nc6 6. Ng3 Bd6 7. Nd2 O-O 8. O-O
Bd7 9. f4 Qc7 10. Nh5 Nxh5 11. Qxh5 f5 12. Rf3 Rf6 13. Rg3 Be8 14. Qe2 cxd4 15.
cxd4 Nb4 16. Nf3 Bh5 17. Bd2 Nxd3 18. Qxd3 Bxf3 19. Rxf3 Qb6 20. Rg3 Rc8 21. b3
Rf7 22. Rf3 Rfc7 23. Rff1 Rc2 24. Rfc1 Qc6 25. h3 Ba3 26. Rxc2 Qxc2 27. Qxc2
Rxc2 28. Be1 Kf8 29. g4 Ke8 30. g5 Kd7 31. h4 Kc6 32. h5 g6 33. hxg6 hxg6 34.
Bf2 Bc1 35. a4 Rc3 36. Kg2 Rc2 37. Kf3 Kd6 38. b4 Bd2 39. Rh1 Rc7 40. b5 Ba5
41. Rh8 Rg7 42. Rc8 Kd7 43. Ra8 Bc7 44. Rxa7 Kc8 45. a5 Bb8 46. b6 Rg8 47. Ra8
Kd7 48. Be1 Rc8 49. a6 bxa6 50. Rxa6 Rc6 51. Bb4 Kc8 52. Bc5 Kb7 53. Ra1 Rc8
54. Rh1 Kc6 55. Rh7 e5 56. fxe5 Re8 57. Rf7 Bxe5 58. dxe5 Kxc5 59. Rf6 Rg8 60.
Kf4 d4 61. exd4+ Kxd4 62. e6 Kd5 63. e7 Re8 64. b7 1-0

[Event "SR 4. liga A21 2018/2019"]
[Site "?"]
[Date "2019.01.06"]
[Round "6.3"]
[White "Bzdusek, Jan"]
[Black "Cerovsky, Marian"]
[Result "1-0"]
[WhiteElo "1901"]
[BlackElo "1805"]
[PlyCount "83"]
[EventDate "2018.??.??"]
[WhiteTeam "Å K KÃºpele PieÅ¡Å¥any C"]
[BlackTeam "Å O KopÄ�any"]

1. d4 d5 2. c4 Nf6 3. Nc3 c6 4. e3 e6 5. Nf3 Nbd7 6. Bd3 dxc4 7. Bxc4 Be7 8.
O-O O-O 9. e4 Qa5 10. Bd2 Bb4 11. Re1 Bxc3 12. Bxc3 Qc7 13. Rc1 b5 14. Bb3 Qb6
15. d5 cxd5 16. exd5 exd5 17. Bxd5 Nxd5 18. Qxd5 Qb7 19. Qg5 f6 20. Qh5 b4 21.
Bxb4 Qxb4 22. Qd5+ Kh8 23. Qxa8 Bb7 24. Qxa7 Ra8 25. Qd4 Qxd4 26. Nxd4 Ne5 27.
Rc7 Bd5 28. a3 h6 29. Nf5 Re8 30. Kf1 Rg8 31. Ne7 Rd8 32. Nxd5 Rxd5 33. b4 Rd2
34. Rxe5 fxe5 35. b5 Ra2 36. b6 Ra1+ 37. Ke2 Ra2+ 38. Kd1 Rb2 39. b7 Kh7 40. a4
Kg6 41. a5 e4 42. a6 1-0

[Event "SR 4. liga A21 2018/2019"]
[Site "?"]
[Date "2019.01.06"]
[Round "6.3"]
[White "Moravec, Milan"]
[Black "Orvisky, Vladimir"]
[Result "0-1"]
[WhiteElo "1641"]
[BlackElo "1744"]
[PlyCount "78"]
[EventDate "2018.??.??"]
[WhiteTeam "Å O KopÄ�any"]
[BlackTeam "Å K KÃºpele PieÅ¡Å¥any C"]

1. d4 d5 2. c4 c6 3. Nf3 Nf6 4. e3 Bf5 5. Nc3 e6 6. cxd5 cxd5 7. Bd3 Bxd3 8.
Qxd3 Nc6 9. O-O Be7 10. a3 O-O 11. Bd2 Rc8 12. Rac1 a6 13. b4 b5 14. Qe2 Nd7
15. e4 dxe4 16. Nxe4 Nb6 17. Be3 Nc4 18. Rc3 a5 19. bxa5 Qxa5 20. Bd2 Nxd2 21.
Qxd2 Bxa3 22. Ra1 b4 23. Rcxa3 bxa3 24. Qxa5 Nxa5 25. Nc5 Nc4 26. Ne1 Ra8 27.
Nc2 Rfb8 28. Nd3 Rb3 29. Ncb4 Nd2 30. d5 exd5 31. Rd1 Rb1 32. Rxb1 Nxb1 33. Na2
Rc8 34. Ndb4 Nc3 35. g3 Nxa2 36. Nxa2 Rc2 37. Nb4 Rb2 38. Nd3 Rb1+ 39. Kg2 a2
0-1

[Event "SR 4. liga A21 2018/2019"]
[Site "?"]
[Date "2019.01.06"]
[Round "6.3"]
[White "Strapko, Tomas"]
[Black "Damborsky, Pavol"]
[Result "1-0"]
[WhiteElo "1867"]
[BlackElo "1612"]
[PlyCount "93"]
[EventDate "2018.??.??"]
[WhiteTeam "Å K KÃºpele PieÅ¡Å¥any C"]
[BlackTeam "Å O KopÄ�any"]

1. e4 c5 2. Nf3 d6 3. Nc3 Nc6 4. d4 cxd4 5. Nxd4 Nxd4 6. Qxd4 e5 7. Bb5+ Bd7 8.
Qa4 Nf6 9. Bg5 Be7 10. Rd1 a6 11. Bxf6 axb5 12. Bxe7 bxa4 13. Bxd8 Rxd8 14.
Rxd6 O-O 15. O-O Bc6 16. Rfd1 Rxd6 17. Rxd6 h6 18. f3 f6 19. Kf1 Rf7 20. Ke2
Rd7 21. Rxd7 Bxd7 22. Kd3 b5 23. Nd5 Kf7 24. c4 bxc4+ 25. Kxc4 Ke6 26. Kc5 f5
27. b4 axb3 28. axb3 fxe4 29. fxe4 g5 30. b4 Ba4 31. b5 Bc2 32. b6 Bxe4 33. b7
Bxd5 34. b8=Q Bxg2 35. Qb6+ Kf5 36. Qxh6 e4 37. Kd4 Kf4 38. Qd6+ Kf5 39. h3 Bf3
40. Qe5+ Kg6 41. Qe6+ Kh5 42. Qf5 Kh6 43. Ke3 Bg2 44. Kf2 Bf3 45. Qf6+ Kh5 46.
Kg3 Be2 47. Qg7 1-0

[Event "SR 4. liga A21 2018/2019"]
[Site "?"]
[Date "2019.01.06"]
[Round "6.3"]
[White "Dubecky, Ladislav"]
[Black "Siska, Kristof"]
[Result "0-1"]
[WhiteElo "1585"]
[BlackElo "1735"]
[PlyCount "82"]
[EventDate "2018.??.??"]
[WhiteTeam "Å O KopÄ�any"]
[BlackTeam "Å K KÃºpele PieÅ¡Å¥any C"]

1. e4 c5 2. f4 d5 3. exd5 Qxd5 4. Nc3 Qd8 5. Nf3 Nc6 6. Bc4 Nf6 7. Ng5 e6 8.
O-O Qd4+ 9. Kh1 Qxc4 10. d3 Qd4 11. Nf3 Qd8 12. Ne5 Qc7 13. Nb5 Qb6 14. c4 a6
15. Nc3 Bd6 16. Qe2 O-O 17. Rf3 Nd4 18. Qf2 Nxf3 19. Qxf3 Qc7 20. Ng4 Nxg4 21.
Qxg4 e5 22. Qh4 exf4 23. Nd5 Qd8 24. Qf2 Be6 25. Nc3 Re8 26. Ne4 Qc7 27. Qh4
Bf5 28. Nxd6 Qxd6 29. Bxf4 Qxd3 30. b3 Rad8 31. h3 Qd4 32. Rf1 Bg6 33. Qg3 Re2
34. Bg5 Rde8 35. Bf4 Be4 36. Rg1 Bc6 37. Bh6 Qf6 38. Bf4 Qg6 39. Qh2 Rxa2 40.
h4 Rxg2 41. Rxg2 Re1+ 0-1

[Event "SR 4. liga A21 2018/2019"]
[Site "?"]
[Date "2019.01.06"]
[Round "6.3"]
[White "Stolar, Michal"]
[Black "Blanarik, Dominik"]
[Result "1-0"]
[WhiteElo "1566"]
[BlackElo "1510"]
[PlyCount "101"]
[EventDate "2018.??.??"]
[WhiteTeam "Å K KÃºpele PieÅ¡Å¥any C"]
[BlackTeam "Å O KopÄ�any"]

1. c4 Nf6 2. Nc3 e6 3. g3 c6 4. Bg2 d5 5. cxd5 cxd5 6. d4 Nc6 7. e3 Bb4 8. Bd2
O-O 9. Nge2 Qc7 10. O-O a6 11. a3 Bd6 12. Rc1 Bd7 13. f4 Rae8 14. b4 b5 15. Bh3
Qb7 16. Na2 Ne4 17. Be1 f5 18. Nec3 Nf6 19. Rf2 h6 20. Bg2 Ng4 21. Rf3 a5 22.
h3 Nf6 23. Bf1 axb4 24. axb4 Nxb4 25. Rf2 Nxa2 26. Rxa2 b4 27. Rb2 Ra8 28. Rcb1
Ba4 29. Nxa4 Qd7 30. Nc5 Bxc5 31. dxc5 Ne4 32. Kg2 Rfb8 33. Bxb4 Rxb4 34. Rxb4
Ra2+ 35. R1b2 Rxb2+ 36. Rxb2 Nxc5 37. Qc2 Ne4 38. Bd3 Nd6 39. Qc3 Qa7 40. Kf3
Qa8 41. Kf2 Kh7 42. Qe5 Qa3 43. Rd2 Qb4 44. Ke2 Nc4 45. Bxc4 Qxc4+ 46. Kf2 Qc1
47. Ke2 Qc4+ 48. Kd1 Qf1+ 49. Kc2 Qxh3 50. Qxe6 Qxg3 51. Rxd5 1-0

[Event "SR 4. liga A21 2018/2019"]
[Site "?"]
[Date "2019.01.06"]
[Round "6.4"]
[White "Vagovic, Milan"]
[Black "Husek, Lubomir"]
[Result "0-1"]
[WhiteElo "1691"]
[BlackElo "1875"]
[PlyCount "186"]
[EventDate "2018.??.??"]
[WhiteTeam "Å K KamenÃ¡r Chtelnica"]
[BlackTeam "Å achovÃ½ klub HolÃ­Ä� B"]

1. d4 f5 2. Nf3 Nf6 3. c4 g6 4. Nc3 Bg7 5. Bg5 d6 6. Qc2 O-O 7. Rd1 Qe8 8. b4
c6 9. a4 Nbd7 10. Bf4 e5 11. dxe5 dxe5 12. Bc1 e4 13. Nd4 Ne5 14. e3 Bd7 15.
Be2 a6 16. O-O Rc8 17. c5 h6 18. f4 exf3 19. Nxf3 Nxf3+ 20. Bxf3 Rf7 21. e4 Re7
22. exf5 Bxf5 23. Qa2+ Kh7 24. Ne2 Rd8 25. Rxd8 Qxd8 26. Bf4 Qe8 27. Qd2 Ne4
28. Qd1 Rd7 29. Bd6 Nxd6 30. cxd6 Qe6 31. Ng3 Rxd6 32. Qc1 Bd3 33. Re1 Qd7 34.
Ne4 Bxe4 35. Rxe4 Rd4 36. Qe1 Rxe4 37. Bxe4 Qd4+ 38. Kh1 Qb2 39. h4 Bc3 40. Qf1
Kg7 41. b5 axb5 42. axb5 cxb5 43. Bxb7 Bf6 44. Bd5 Qd4 45. Qf3 Qxh4+ 46. Kg1
Bd4+ 47. Kf1 Qf6 48. Ke2 Qxf3+ 49. Kxf3 b4 50. Ke4 Bc3 51. g4 Kf6 52. Bb3 Kg5
53. Kf3 h5 54. gxh5 Kxh5 55. Kg3 Be5+ 56. Kh3 Kg5 57. Bc2 Kf6 58. Kg4 g5 59.
Bb3 Bf4 60. Kf3 Ke5 61. Ke2 Kd4 62. Kd1 Kc3 63. Be6 b3 64. Bf5 b2 65. Ke2 g4
66. Bb1 Kd4 67. Bf5 Be3 68. Bb1 g3 69. Kf3 Bf2 70. Bf5 Kc3 71. Ke2 Bd4 72. Kf3
Be5 73. Ke2 Bd6 74. Bb1 Bc5 75. Kf3 Bf2 76. Ke2 Bg1 77. Kf1 Bc5 78. Kg2 Bd6 79.
Kf3 Kd2 80. Kg2 Kc1 81. Be4 b1=Q 82. Bxb1 Kxb1 83. Kf1 Kc2 84. Kg2 Kd2 85. Kf1
Ke3 86. Kg2 Kf4 87. Kg1 Bc5+ 88. Kg2 Kg4 89. Kh1 Kh4 90. Kg2 Bd6 91. Kg1 Kh3
92. Kh1 g2+ 93. Kg1 Bc5# 0-1

[Event "SR 4. liga A21 2018/2019"]
[Site "?"]
[Date "2019.01.06"]
[Round "6.4"]
[White "Hrubos, Milan"]
[Black "Piestansky, Jan"]
[Result "1-0"]
[WhiteElo "1754"]
[BlackElo "1642"]
[PlyCount "53"]
[EventDate "2018.??.??"]
[WhiteTeam "Å achovÃ½ klub HolÃ­Ä� B"]
[BlackTeam "Å K KamenÃ¡r Chtelnica"]

1. e4 e5 2. Nf3 d6 3. d4 exd4 4. Nxd4 Nf6 5. Nc3 Be7 6. Bc4 h6 7. Bf4 Bd7 8.
Qd2 Nc6 9. Nxc6 Bxc6 10. f3 Qd7 11. O-O-O Nh5 12. Be3 a6 13. Kb1 Rf8 14. g4 Nf6
15. h4 O-O-O 16. g5 hxg5 17. hxg5 Ng8 18. Rh7 b5 19. Bb3 f5 20. Rxg7 fxe4 21.
fxe4 Qe8 22. Be6+ Kb7 23. Nd5 Bxd5 24. Bxd5+ c6 25. Be6 Kc7 26. Qa5+ Kb8 27.
Qb6+ 1-0

[Event "SR 4. liga A21 2018/2019"]
[Site "?"]
[Date "2019.01.06"]
[Round "6.4"]
[White "Pripko, Bystrik"]
[Black "Vach, Jozef"]
[Result "0-1"]
[WhiteElo "1654"]
[BlackElo "1680"]
[PlyCount "168"]
[EventDate "2018.??.??"]
[WhiteTeam "Å K KamenÃ¡r Chtelnica"]
[BlackTeam "Å achovÃ½ klub HolÃ­Ä� B"]

1. e4 e5 2. Nf3 Nc6 3. Bc4 Be7 4. d3 d6 5. h3 Na5 6. Bb3 Nxb3 7. axb3 h6 8. Nc3
c6 9. O-O Nf6 10. Bd2 O-O 11. Ne2 Nh7 12. Ng3 Ng5 13. Be3 c5 14. c4 b6 15. Nh2
Nh7 16. Bd2 Bg5 17. b4 Bxd2 18. Qxd2 f5 19. exf5 Bxf5 20. Nxf5 Rxf5 21. Nf3 Ng5
22. Nxg5 hxg5 23. b5 Qc8 24. Qe2 g6 25. Qe4 Kg7 26. Qg4 a5 27. bxa6 Rxa6 28.
Qe4 Rf4 29. Qd5 Rd4 30. Qf3 Rf4 31. Qd5 Rd4 32. Qf3 Rf4 33. Qe2 Qa8 34. Rxa6
Qxa6 35. g3 Rd4 36. b3 Qa3 37. Qc2 Qa5 38. Rc1 b5 39. Qc3 Qxc3 40. Rxc3 b4 41.
Rc2 Rxd3 42. Rb2 d5 43. cxd5 Rxd5 44. Kg2 Kf6 45. Kf3 Kf5 46. Ke3 e4 47. Ke2
Ke5 48. Rc2 Kd6 49. Rd2 Ke5 50. Rc2 Kd6 51. Rb2 Rd3 52. Rb1 Kd5 53. Rb2 Kd4 54.
Rb1 Rc3 55. Rd1+ Ke5 56. Rb1 c4 57. bxc4 Rxc4 58. Rb2 Kd4 59. Kd2 Kc5 60. Rb1
Rc3 61. Re1 Rc4 62. Rb1 Kb5 63. Rb3 Ka4 64. Rb1 b3 65. Ra1+ Kb4 66. Ra7 b2 67.
Rb7+ Ka3 68. Ra7+ Kb3 69. Rb7+ Ka2 70. Ra7+ Kb1 71. Ra6 Rc2+ 72. Kd1 Rxf2 73.
Rxg6 e3 74. Rxg5 Rd2+ 75. Ke1 Rc2 76. Re5 Kc1 77. Rd5 b1=Q 78. Rd1+ Kb2 79.
Rxb1+ Kxb1 80. g4 Rg2 81. Kf1 e2+ 82. Ke1 Kc2 83. g5 Kd3 84. h4 Ke3 0-1

[Event "SR 4. liga A21 2018/2019"]
[Site "?"]
[Date "2019.01.06"]
[Round "6.4"]
[White "Stehlik, Jan"]
[Black "Kuracina, Lubomir"]
[Result "1-0"]
[WhiteElo "1602"]
[BlackElo "1464"]
[PlyCount "101"]
[EventDate "2018.??.??"]
[WhiteTeam "Å achovÃ½ klub HolÃ­Ä� B"]
[BlackTeam "Å K KamenÃ¡r Chtelnica"]

1. e4 e5 2. Nf3 d6 3. d4 exd4 4. Nxd4 a6 5. Nc3 b5 6. a3 c5 7. Nf3 Be6 8. Be2
Nc6 9. O-O Be7 10. Nd5 h6 11. Bf4 Bxd5 12. Qxd5 Qd7 13. Rad1 Rd8 14. Rfe1 Nf6
15. Qd3 Qe6 16. Bf1 O-O 17. c4 Nh5 18. Bg3 Nxg3 19. hxg3 Ne5 20. Nxe5 dxe5 21.
Qc2 b4 22. a4 a5 23. b3 Rxd1 24. Rxd1 Rd8 25. Rd5 g6 26. Qd2 Rxd5 27. exd5 Qf5
28. Qxh6 Qc2 29. Qe3 e4 30. g4 Bd6 31. f3 exf3 32. Qxf3 Be5 33. Be2 Qc3 34.
Qxc3 Bxc3 35. Kf2 Kg7 36. Kf3 Kf6 37. Ke4 Ke7 38. Kf4 f6 39. Bd3 Be5+ 40. Ke4
Kf7 41. d6 Bxd6 42. Kd5 Ke7 43. Kc6 Ke6 44. Kb5 f5 45. gxf5+ gxf5 46. Kxa5 f4
47. Kb6 Kd7 48. a5 Kc8 49. a6 Kb8 50. a7+ Ka8 51. Be4# 1-0

[Event "SR 4. liga A21 2018/2019"]
[Site "?"]
[Date "2019.01.06"]
[Round "6.5"]
[White "Diviak, Rastislav"]
[Black "Musaev, Urmat"]
[Result "1-0"]
[WhiteElo "1984"]
[BlackElo "1840"]
[PlyCount "75"]
[EventDate "2018.??.??"]
[WhiteTeam "CVÄŒ Senica B"]
[BlackTeam "Å K KÃºpele PieÅ¡Å¥any B"]

1. e4 c5 2. Nf3 Nf6 3. Nc3 d6 4. d4 cxd4 5. Nxd4 a6 6. Be2 e6 7. O-O Be7 8. f4
O-O 9. Kh1 Nc6 10. Be3 Nxd4 11. Bxd4 b5 12. Bf3 Bb7 13. a3 Qc7 14. Qe1 Qc4 15.
Rd1 Rac8 16. Qg3 Ne8 17. Be2 Qc7 18. Bd3 Bf6 19. e5 dxe5 20. fxe5 Be7 21. Qh3
g6 22. Ne4 Bxe4 23. Bxe4 Ng7 24. Qh6 Nf5 25. Bxf5 exf5 26. Rd3 f6 27. Rh3 Rf7
28. e6 Rg7 29. Rc3 Qb7 30. Qe3 Rxc3 31. Qxc3 Qe4 32. Qc8+ Bf8 33. Bxf6 Qe2 34.
Rg1 f4 35. Bxg7 Kxg7 36. Qc7+ Kf6 37. Qxf4+ Kxe6 38. Qxf8 1-0